01647nam a2200397 i 450000100060000000300080000600500170001400600190003100700150005000800410006502000280010602000180013403500220015204000310017405000200020508000120022508200150023724501380025226400420039030000750043233600310050733700330053833800430057149000650061450400420067958800830072159001620080465000330096665000260099965500270102570000660105270000330111879700180115185600630116999900170123222687FINmELB20241216214027.0m o u cr cn|||||||||210128s2019 sp a ob 000 0 spa d a9788417835279q(e-book) z9788417835033 a(OCoLC)1237565865 aFINmELBbspaerdacFINmELB 4aH62b.E887 2019 a303.44204a300.7222300aEstrategias de investigación cualitativa.nVolumen II /cIrene Vasilachis de Gialdino (coord.) ; Aldo R. Ameigeiras [y otros seis]. 1aBarcelona :bGedisa Editorial,c2019. a1 recurso en línea (387 páginas) :bilustraciones (blanco y negro) atextobtxt2rdacontent/spa acomputadorabc2rdamedia/spa arecurso en líneabcr2rdacarrier/spa0 aBiblioteca de educación. Herramientas universitarias ;v22 aIncluye referencias bibliográficas. aDescripción basada en metadatos suministrados por el editor y otras fuentes. aRecurso electrónico. Santa Fe, Arg.: elibro, 2021. Disponible vía World Wide Web. El acceso puede estar limitado para las bibliotecas afiliadas a elibro. 4aInvestigación cualitativa. 0aQualitative research. 4aLibros electrónicos.1 aVasilachis de Gialdino, Irene,edirector de la publicación.1 aAmeigeiras, Aldo R.,eautor.2 aelibro, Corp.40uhttps://elibro.net/ereader/politecnicointernacional/127784 c22687d22687